00626cam a22002291 4500001001300000003000400013005001700017008004100034010001700075035002000092040001700112042001200129050002000141245002600161260004000187300001900227500004500246600003000291651003700321752002100358999001700379he 68004383 DLC20260227111508.0840213s1967 is 000 0 heb  ahe 68004383  a(OCoLC)19202168 aDLCcMHdDLC apremarc00aDS126.6.E8bK6400aKol bediḥot Eshkol. aTel Aviv :bHotsaʼat Isar,c[1967] a2 v. ;c12 cm. aVol. 2 has title: ʻOd bediḥot Eshkol.10aEshkol, Levi,d1895-1969. 0aIsraelxPolitics and government. aIsraeldTel Aviv c34084d34084